Introduction to geographic information systems/ (Record no. 6499)

MARC details
000 -LEADER
fixed length control field 00772nam a22002057a 4500
003 - CONTROL NUMBER IDENTIFIER
control field OSt
005 - DATE AND TIME OF LATEST TRANSACTION
control field 20251127152734.0
008 - FIXED-LENGTH DATA ELEMENTS--GENERAL INFORMATION
fixed length control field 251127b |||||||| |||| 00| 0 eng d
020 ## - INTERNATIONAL STANDARD BOOK NUMBER
International Standard Book Number 978-007-125920-0
040 ## - CATALOGING SOURCE
Original cataloging agency DWCL-Main lib.
Transcribing agency OC
082 ## - DEWEY DECIMAL CLASSIFICATION NUMBER
Edition number -- Fourth edition. -- Int
Classification number Circ. 910.285 C454i 2008
100 ## - MAIN ENTRY--PERSONAL NAME
Personal name Chang, Kang-Tsung
245 ## - TITLE STATEMENT
Title Introduction to geographic information systems/
Statement of responsibility, etc. Kang-Tsung Chang
250 ## - EDITION STATEMENT
Edition statement -- Fourth edition. -- Int
260 ## - PUBLICATION, DISTRIBUTION, ETC.
Place of publication, distribution, etc. New York :
Name of publisher, distributor, etc. McGraw-Hill,
Date of publication, distribution, etc. c2008.
300 ## - PHYSICAL DESCRIPTION
Extent xiv, 450 pages :
Other physical details illustrations, maps ;
Dimensions 25 centimeters.
Accompanying material + 1 CD-ROM (4 3/4 in.)
504 ## - BIBLIOGRAPHY, ETC. NOTE
Bibliography, etc. note Includes bibliographical references
650 ## - SUBJECT ADDED ENTRY--TOPICAL TERM
Topical term or geographic name entry element Geographic information systems.
942 ## - ADDED ENTRY ELEMENTS (KOHA)
Source of classification or shelving scheme Dewey Decimal Classification
Koha item type Book Circulation
Edition -- Fourth edition. -- Int
Classification part Circ.
Suppress in OPAC No
952 ## - LOCATION AND ITEM INFORMATION (KOHA)
--
Holdings
Withdrawn status Lost status Source of classification or shelving scheme Damaged status Not for loan Home library Current library Shelving location Date acquired Source of acquisition Cost, normal purchase price Total Checkouts Full call number Barcode Date last seen Copy number Price effective from Koha item type Uniform Resource Identifier
    Dewey Decimal Classification     College Library College Library Circulation 04/11/2014 School Fund 0.00   Circ. 910.285 C454i 2008 CL50598 11/27/2025 c1 11/27/2025 BK-CIRC